[Event "Challenge"]
[Site "http://www.queenalice.com/game.php?id=1567705"]
[Date "2019.4.15"]
[Round "-"]
[White "DavidKR"]
[Black "pgrzelak"]
[Result "1-0"]
[WhiteElo "1844"]
[BlackElo "1840"]

1. e4 e5 2. Nf3 Nc6 3. Nc3 h6 4. Bc4 d6 5. O-O Be7 6. d3 Bg4 7. h3 Bd7 8. Nh2
Bg5 9. Qf3 Qf6 10. Bxg5 Qxf3 11. Nxf3 hxg5 12. Nxg5 Nh6 13. Nd5 O-O-O 14. Nc3 f6
15. Nf3 a6 16. a3 Ne7 17. b4 Bc6 18. b5 axb5 19. Nxb5 Kb8 20. Rab1 d5 21. exd5
Nxd5 22. a4 Bxb5 23. Rxb5 Nc3 24. Rb4 Rd6 25. a5 Ka7 26. Ra1 Nd5 27. Rb3 Nf5 28.
a6 bxa6 29. Rba3 Nb4 30. c3 Nc2 31. Rxa6+ Rxa6 32. Rxa6+ Kb7 33. Ra2 Nce3 34.
fxe3 Nxe3 35. Rb2+ Kc6 36. Bb5+ Kc5 37. d4+ exd4 38. Nxd4 Rb8 39. Rb4 c6 40.
Nb3+ Kd6 41. Rd4+ Ke5 42. Ba4 Nc2 43. Rd2 Na3 44. Nc5 Rb1+ 45. Kh2 Nc4 46. Rd4
Nb6 47. Bxc6 Ra1 48. Nd7+ Nxd7 49. Rxd7 g5 50. Rd4 Rc1 51. Re4+ Kf5 52. c4 Rc3
53. Rg4 Ke5 54. h4 gxh4 55. Rxh4 Kd6 56. Bd5 Kc5 57. g3 Rc2+ 58. Kh3 Rc3 59. Rf4
Rc1 60. Kg4 Re1 61. Rxf6 Rg1 62. Kh4 Rd1 63. g4 Rd4 64. Kh5 Rd2 65. g5 Rh2+ 66.
Kg6 Rh8 67. Kg7 Ra8 68. Bxa8 Kxc4 69. Re6 Kc5 70. Kf6 Kd4 71. Re5 Kc3 72. Rd5
Kc4 73. Ke5 Kc3 74. Rd4 Kb2 75. Rc4 Kb3 76. Kd4 Kb2 77. Rc3 Ka1 78. Kd3 Kb2 79.
Kd2 Kb1 80. Rb3+ Ka2 81. Kc2 Ka1 82. Ra3# 1-0

[Event "Challenge"]
[Site "http://www.queenalice.com/game.php?id=1571470"]
[Date "2019.5.19"]
[Round "-"]
[White "pgrzelak"]
[Black "DavidKR"]
[Result "1-0"]
[WhiteElo "1855"]
[BlackElo "1860"]

1. d4 d5 2. Nf3 Nf6 3. Nc3 Nc6 4. e3 Bf5 5. Bd3 Bxd3 6. cxd3 e6 7. a3 Be7 8. e4
dxe4 9. dxe4 O-O 10. h3 a6 11. O-O b5 12. Be3 Na5 13. d5 exd5 14. Nxd5 Nxe4 15.
Nxe7+ Qxe7 16. Re1 Nd6 17. Bc5 Qd7 18. Ne5 Qf5 19. b4 Nab7 20. Bxd6 Nxd6 21. Nc6
Rfe8 22. Ne7+ Rxe7 23. Rxe7 Ne4 24. Qe2 Nd6 25. Re1 g6 26. Rxc7 Qf4 27. Qf3 Qxf3
28. gxf3 Nc4 29. Ra1 Kg7 30. a4 Rd8 31. axb5 axb5 32. Raa7 Ne5 33. Kg2 Rd3 34.
f4 Nf3 35. Rxf7+ Kg8 36. Rfd7 Nh4+ 37. Kf1 Rf3 38. Ra8# 1-0

[Event "Challenge"]
[Site "http://www.queenalice.com/game.php?id=1574390"]
[Date "2019.6.14"]
[Round "-"]
[White "DavidKR"]
[Black "pgrzelak"]
[Result "1-0"]
[WhiteElo "1844"]
[BlackElo "1871"]

1. e4 e5 2. Nf3 Nc6 3. Na3 Bxa3 4. bxa3 d5 5. Bb5 Bd7 6. exd5 Nce7 7. Bc4 Nf6 8.
Nxe5 O-O 9. Qf3 Nf5 10. O-O Nd4 11. Qd3 c5 12. c3 Bf5 13. Qg3 b5 14. Bd3 c4 15.
cxd4 Bxd3 16. Nxd3 cxd3 17. d6 Ne4 18. Qxd3 Nxd6 19. Qg3 Nf5 20. Qg4 Nxd4 21.
Bb2 f5 22. Qd1 Qf6 23. Rc1 Rad8 24. Bc3 Qh4 25. h3 f4 26. f3 Rfe8 27. Bxd4 Rxd4
28. Rc7 Ra4 29. Qb3+ Kh8 30. Qxb5 Rg8 31. Qxa4 Qd8 32. Qxf4 a5 33. Rc5 Qb6 34.
Rc1 h6 35. Kh2 Qb2 36. Rc8 Qxa3 37. Rxg8+ Kxg8 38. Rc8+ Kh7 39. Qf5+ g6 40. Qf7#
1-0

[Event "Challenge"]
[Site "http://www.queenalice.com/game.php?id=1575971"]
[Date "2019.7.1"]
[Round "-"]
[White "pgrzelak"]
[Black "DavidKR"]
[Result "0-1"]
[WhiteElo "1867"]
[BlackElo "1861"]

1. d4 d5 2. c4 dxc4 3. e4 c6 4. Bxc4 e6 5. Nf3 Nf6 6. Bg5 Be7 7. Nc3 O-O 8. e5
Nfd7 9. Ne4 h6 10. Bxe7 Qxe7 11. O-O b5 12. Bb3 a5 13. a4 b4 14. Rc1 Nb6 15.
Rxc6 Nxc6 16. d5 exd5 17. Bxd5 Nxd5 18. Qxd5 Bb7 19. Qb5 Ba6 20. Qxc6 Bxf1 21.
Kxf1 Qd8 22. Nd6 Qe7 23. Qc5 f6 24. Qd5+ Kh8 25. Nf5 Qd8 26. Nd6 fxe5 27. Nxe5
Qf6 28. Ndf7+ Kh7 29. Qe4+ g6 30. Qb7 Qa6+ 31. Qxa6 Rxa6 32. b3 Kg7 33. Ke2 Re6
34. Kd3 Rxf7 35. Nxf7 Kxf7 36. f4 Kf6 37. g4 h5 38. h3 hxg4 39. hxg4 Rc6 40. Kd4
Rc3 41. Kd5 Rxb3 42. Kc4 Rf3 43. Kb5 b3 44. Kxa5 b2 45. g5+ Kf5 46. Ka6 b1=Q 47.
a5 Ra3 48. Ka7 Rxa5# 0-1

[Event "Challenge"]
[Site "http://www.queenalice.com/game.php?id=1576671"]
[Date "2019.7.7"]
[Round "-"]
[White "DavidKR"]
[Black "pgrzelak"]
[Result "0-1"]
[WhiteElo "1877"]
[BlackElo "1854"]

1. e4 e5 2. Nf3 Nc6 3. Bc4 h6 4. Nc3 d6 5. O-O Nf6 6. d3 Nd4 7. Nxd4 exd4 8. Ne2
c5 9. c3 Bg4 10. cxd4 b6 11. Qc2 Be7 12. d5 Nd7 13. Nc3 Ne5 14. Bb5+ Bd7 15. Bf4
O-O 16. Qd2 a6 17. Bxd7 Qxd7 18. Qe3 Qg4 19. h3 Qg6 20. Ne2 Bg5 21. Bxg5 Qxg5
22. Qxg5 hxg5 23. d4 Nc4 24. f3 Nxb2 25. g4 Nc4 26. dxc5 bxc5 27. Rf2 Ne5 28.
Ng3 Nd3 29. Rh2 Ne5 30. Kg2 c4 31. h4 gxh4 32. Rxh4 c3 33. Nf5 Rfd8 34. Ne7+ Kf8
35. Nf5 Ng6 36. Rhh1 c2 37. a4 f6 38. Kg3 Kf7 39. Ne3 Rac8 40. f4 Rc3 41. Kf2
Rdc8 42. Rhc1 Nxf4 43. Nxc2 Nd3+ 44. Kg2 Nxc1 45. Rxc1 Rxc2+ 0-1

[Event "Challenge"]
[Site "http://www.queenalice.com/game.php?id=1578401"]
[Date "2019.7.25"]
[Round "-"]
[White "DavidKR"]
[Black "pgrzelak"]
[Result "1/2-1/2"]
[WhiteElo "1860"]
[BlackElo "1896"]

1. e4 e5 2. Nf3 Nc6 3. Nc3 Nf6 4. Bc4 h6 5. a3 d6 6. O-O Be7 7. h3 Bd7 8. d3 Nd4
9. Nd5 c6 10. Nxe7 Qxe7 11. Nh4 d5 12. exd5 cxd5 13. Ba2 O-O 14. c4 Be6 15. Re1
dxc4 16. Rxe5 Qd6 17. Re1 b5 18. dxc4 Bxc4 19. b3 Be6 20. Bb2 Rad8 21. Bxd4 Qxd4
22. Qxd4 Rxd4 23. Nf3 Rd6 24. Rac1 a5 25. Re3 a4 26. Rc5 Rb8 27. Ne5 axb3 28.
Bxb3 Bxb3 29. Rxb3 Rd5 30. Nd3 Rxc5 31. Nxc5 Nd5 32. Nd3 Nc7 33. a4 Rd8 34. a5
Rd5 35. Nb4 Rd6 36. Kh2 Kh7 37. Rc3 Na6 38. Rb3 Nc5 39. Ra3 Na6 40. Rb3 Nc7 41.
g4 Rd1 42. Ra3 Rb1 43. Nd3 b4 44. Ra4 b3 45. Rb4 Ra1 46. Rc4 Na6 47. Rc3 Ra3 48.
Nb2 Rxa5 49. Rxb3 Ra2 50. Nd3 Rd2 51. Kg3 Rc2 52. f3 Nc5 1/2-1/2

[Event "Challenge"]
[Site "http://www.queenalice.com/game.php?id=1582366"]
[Date "2019.9.3"]
[Round "-"]
[White "pgrzelak"]
[Black "DavidKR"]
[Result "0-1"]
[WhiteElo "1918"]
[BlackElo "1861"]

1. d4 d5 2. Nf3 Nc6 3. Bd2 h6 4. g3 Bf5 5. Bg2 Nf6 6. Nc3 e6 7. a3 a6 8. O-O Bd6
9. b4 Bg4 10. h3 Bxf3 11. Bxf3 Nxd4 12. Bg2 O-O 13. Bxh6 gxh6 14. e3 Nf5 15. Ne2
c6 16. c3 a5 17. Nf4 Bxf4 18. exf4 Qb6 19. Kh2 Qc7 20. Rg1 e5 21. fxe5 Qxe5 22.
Qf3 Kh8 23. Rae1 Ne4 24. Qh5 Qf6 25. Bxe4 dxe4 26. Rxe4 Ng7 27. Qe5 Qxf2+ 28.
Rg2 Qf5 29. Qd4 Rad8 30. Qe3 Qg5 31. Qb6 axb4 32. axb4 Rd2 33. Rg4 Rxg2+ 34.
Kxg2 Qd2+ 35. Kf1 Re8 36. Qf2 Qd1+ 37. Kg2 Re2 38. Qxe2 Qxe2+ 39. Kg1 Qe3+ 40.
Kg2 Qxc3 41. Rf4 Nh5 42. Rf3 Qc2+ 43. Rf2 Qe4+ 44. Kh2 Kg7 45. h4 Qe3 46. Rg2
Nf6 47. Rb2 Ne4 48. Rg2 Qb3 49. b5 Qxb5 50. Kh3 Qf5+ 51. Kh2 Nf2 52. Kg1 Ng4 53.
Kh1 Qf1+ 54. Rg1 Qh3# 0-1

[Event "Challenge"]
[Site "http://www.queenalice.com/game.php?id=1586184"]
[Date "2019.10.9"]
[Round "-"]
[White "DavidKR"]
[Black "pgrzelak"]
[Result "1-0"]
[WhiteElo "1879"]
[BlackElo "1955"]

1. e4 e5 2. Nf3 Nc6 3. Bc4 h6 4. d3 Nf6 5. Nc3 Bb4 6. Bd2 d6 7. a3 Ba5 8. b4 Bb6
9. Na4 Bd7 10. Nxb6 axb6 11. O-O Nd4 12. Nxd4 exd4 13. b5 c5 14. Qf3 Qe7 15. e5
dxe5 16. Qxb7 O-O 17. Qxb6 Rfb8 18. Qc7 Ne8 19. Qxb8 Rxb8 20. a4 Nd6 21. Bd5 Be6
22. Bf3 c4 23. Bb4 Qc7 24. Rfe1 Nb7 25. a5 Ra8 26. a6 Qb6 27. Rxe5 cxd3 28. cxd3
Qc7 29. Ree1 Bd7 30. Rac1 Qb8 31. Bxb7 Ra7 32. Bc5 Bxb5 33. Bxa7 Qxa7 34. Rc8+
Kh7 35. Ra8 Qb6 36. Be4+ g6 37. a7 Qa5 38. Rc1 Qa3 39. Rf1 Qa6 40. h3 Bc6 41.
Bxc6 Qxc6 42. Rd8 Qa6 43. a8=Q Qxd3 44. Qa7 Qc4 45. Rxd4 Qe6 46. h4 h5 47. g3
Kg7 48. Rd7 Qf5 49. Qd4+ Kh7 50. Rd8 g5 51. Qh8+ Kg6 52. Rg8# 1-0

[Event "Challenge"]
[Site "http://www.queenalice.com/game.php?id=1588662"]
[Date "2019.11.1"]
[Round "-"]
[White "DavidKR"]
[Black "pgrzelak"]
[Result "1-0"]
[WhiteElo "1898"]
[BlackElo "1936"]

1. e4 e5 2. Nf3 Nc6 3. Bb5 a6 4. Bxc6 bxc6 5. Nxe5 Bd6 6. Nf3 Ne7 7. d3 h6 8.
O-O Ng6 9. g3 Bb7 10. Nc3 O-O 11. a4 Qf6 12. Qe2 a5 13. Bd2 Bb4 14. Qe3 d6 15.
Na2 Bxd2 16. Nxd2 c5 17. Nc3 c6 18. Nc4 Rfe8 19. Qd2 Ne5 20. Nxe5 Qxe5 21. Ra3
Bc8 22. Ne2 Qxb2 23. Rb3 Qf6 24. Nf4 Ba6 25. Rb6 Rec8 26. c4 Qd8 27. Rbb1 Rab8
28. Qc3 Qg5 29. Qxa5 Ra8 30. Qc3 Ra7 31. Kg2 Rb7 32. a5 Rcb8 33. Qa1 d5 34. Rxb7
Rxb7 35. exd5 cxd5 36. Nxd5 Qg6 37. Nf4 Qc6+ 38. Kg1 Rb4 39. Nd5 Rb7 40. Qe5 Kf8
41. Re1 Ra7 42. Qb8+ Bc8 43. Qxa7 Be6 44. Qb8+ Qe8 45. Qd6+ Kg8 46. Nf4 Qa8 47.
Nxe6 fxe6 48. Qxe6+ Kh7 49. Qf7 Qxa5 50. Qf5+ g6 51. Qf7+ Kh8 52. Re8# 1-0

[Event "Turkey Match"]
[Site "http://www.queenalice.com/game.php?id=1591120"]
[Date "2019.11.24"]
[Round "-"]
[White "DavidKR"]
[Black "pgrzelak"]
[Result "1-0"]
[WhiteElo "1916"]
[BlackElo "1918"]

1. e4 e5 2. Nf3 Nc6 3. Nc3 Nf6 4. Bc4 h6 5. O-O d6 6. h3 a6 7. a4 Be7 8. b3 O-O
9. Nd5 Nxe4 10. d3 Ng5 11. Nxe7+ Qxe7 12. Nxg5 hxg5 13. Qh5 Be6 14. Bxg5 f6 15.
Bxe6+ Qxe6 16. Be3 Nd4 17. c4 Qf7 18. Qg4 Qe6 19. Qe4 Nc2 20. Rac1 Nxe3 21. Qxe3
a5 22. Rce1 b6 23. Qf3 Rad8 24. Re4 d5 25. Rh4 Qf7 26. Qg4 f5 27. Qg5 Qf6 28.
Qh5 Qh6 29. Qxh6 gxh6 30. Rxh6 dxc4 31. dxc4 Rd3 32. Rb1 Rfd8 33. Kh2 e4 34. Re6
Kf7 35. Rc6 R8d7 36. c5 Rc3 37. b4 axb4 38. Rxb4 Rxc5 39. Rxc5 bxc5 40. Rc4 Rd4
41. Rxc5 Rxa4 42. Rxf5+ Kg6 43. Rc5 Ra7 44. Kg3 Ra3+ 45. Kf4 Ra2 46. Ke3 Ra3+
47. Kxe4 Ra4+ 48. Kf3 Ra3+ 49. Kg4 Ra4+ 50. f4 Ra2 51. g3 Rd2 52. Rxc7 Rd6 53.
Rc5 Rf6 54. h4 Kh6 55. Rh5+ Kg6 56. Re5 Rf8 57. Re6+ Kg7 58. f5 Rg8 59. Rg6+ Kf7
60. Rxg8 Kxg8 61. Kg5 Kg7 62. f6+ Kf7 63. Kf5 Kg8 64. g4 Kf7 65. h5 Kg8 66. h6
Kf7 67. h7 Kf8 68. h8=Q+ Kf7 69. Qg7+ Ke8 70. Qe7# 1-0

[Event "Solstice 2019"]
[Site "http://www.queenalice.com/game.php?id=1593724"]
[Date "2019.12.21"]
[Round "-"]
[White "pgrzelak"]
[Black "DavidKR"]
[Result "1-0"]
[WhiteElo "1908"]
[BlackElo "1932"]

1. d4 d5 2. Nf3 Nf6 3. Nc3 Nc6 4. e3 Bg4 5. Be2 Bf5 6. a3 e6 7. h3 h6 8. Bd3
Bxd3 9. Qxd3 a6 10. Bd2 Bd6 11. e4 dxe4 12. Nxe4 Nxe4 13. Qxe4 O-O 14. O-O Qf6
15. Bc3 Rad8 16. d5 Ne5 17. Nxe5 Qe7 18. Qg4 Bxe5 19. Bxe5 f6 20. Bf4 g5 21.
Rfe1 e5 22. Bg3 Rxd5 23. Qe4 c6 24. Qg6+ Qg7 25. Qxg7+ Kxg7 26. Rad1 Rfd8 27.
Rxd5 cxd5 28. f3 d4 29. Rd1 Rc8 30. Rd2 b5 31. Be1 a5 32. c3 dxc3 33. bxc3 a4
34. Rd7+ Kg6 35. Rb7 Rc5 36. Kf2 Kf5 37. Ke3 h5 38. g4+ Kg6 39. Bd2 f5 40. Rb6+
Kh7 41. gxf5 Kg7 42. Ke4 Kf7 43. Bxg5 Rxc3 44. Rxb5 Rxa3 45. Rb7+ Kf8 46. Be7+
Kf7 47. Bxa3+ Kf6 48. Be7+ Kf7 49. Bg5+ Ke8 50. Kxe5 a3 51. Ke6 a2 52. Rb8# 1-0

[Event "2020"]
[Site "http://www.queenalice.com/game.php?id=1596383"]
[Date "2020.1.15"]
[Round "-"]
[White "DavidKR"]
[Black "pgrzelak"]
[Result "1-0"]
[WhiteElo "1915"]
[BlackElo "1925"]

1. e4 e5 2. Nc3 Nf6 3. Nf3 d6 4. Bc4 h6 5. d3 c6 6. b4 d5 7. exd5 cxd5 8. Nxd5
Nxd5 9. Nxe5 Bxb4+ 10. Bd2 Nc3 11. Bxf7+ Ke7 12. Qf3 Rh7 13. Ng6+ Kd7 14. Qg4+
Kc7 15. Qxb4 Nd5 16. Qc5+ Nc6 17. Bxd5 Qe8+ 18. Ne7 g5 19. Bxc6 Rxe7+ 20. Be4+
Kd8 21. Qd6+ Rd7 22. Qxh6 b6 23. O-O Bb7 24. Bxb7 Rxb7 25. Qd6+ Rd7 26. Bxg5+
Kc8 27. Qc6+ Kb8 28. Bf4+ Rc7 29. Qxc7# 1-0

[Event "Challenge"]
[Site "http://www.queenalice.com/game.php?id=1597945"]
[Date "2020.1.31"]
[Round "-"]
[White "pgrzelak"]
[Black "DavidKR"]
[Result "1-0"]
[WhiteElo "1919"]
[BlackElo "1931"]

1. d4 d5 2. Nf3 Nc6 3. g3 Nf6 4. Bg2 h6 5. a3 Bf5 6. Be3 Ng4 7. Qd2 e6 8. O-O
Bd6 9. Nc3 O-O 10. Nb5 a6 11. Nxd6 Qxd6 12. Bf4 e5 13. dxe5 Ngxe5 14. Nxe5 Nxe5
15. Qxd5 Qxd5 16. Bxd5 c6 17. Bg2 Bxc2 18. Bxe5 Rae8 19. Bd6 Rxe2 20. Bxf8 Kxf8
21. Rfe1 Rd2 22. Be4 Bb3 23. Bf5 g6 24. Bc8 b5 25. Bxa6 Bd5 26. Bb7 Bf3 27. Rac1
Rxb2 28. Bxc6 Be2 29. Rb1 Ra2 30. Bxb5 Bf3 31. a4 Kg7 32. Re7 Rc2 33. Bd3 Rc3
34. Be4 Bg4 35. Kg2 Rc4 36. Rbb7 Be6 37. a5 Rxe4 38. a6 Kf6 39. a7 Ra4 40. Rbc7
Bd5+ 41. f3 Ra2+ 42. Kh3 Bxf3 43. Rxf7+ 1-0

[Event "Challenge"]
[Site "http://www.queenalice.com/game.php?id=1598761"]
[Date "2020.2.8"]
[Round "-"]
[White "DavidKR"]
[Black "pgrzelak"]
[Result "0-1"]
[WhiteElo "1915"]
[BlackElo "1951"]

1. e4 e5 2. Nf3 Nc6 3. Bc4 d6 4. Nc3 Nf6 5. d3 Nd4 6. Be3 Nxf3+ 7. Qxf3 Bg4 8.
Qg3 Qd7 9. Nd5 Nxd5 10. Bxd5 c6 11. Bc4 g6 12. f3 Be6 13. Bxe6 Qxe6 14. O-O Bg7
15. b3 O-O 16. c4 c5 17. a3 Rab8 18. b4 b6 19. b5 Qc8 20. a4 a6 21. a5 bxa5 22.
Rxa5 axb5 23. cxb5 Qc7 24. Bd2 c4 25. Rc1 Qb6+ 26. Qf2 Qxf2+ 27. Kxf2 cxd3 28.
Rc3 f5 29. exf5 e4 30. Rc6 Bd4+ 31. Be3 d2 32. Ra1 Bxa1 33. Bxd2 exf3 34. g4
gxf5 35. g5 Rxb5 36. Kxf3 Be5 37. h4 Rc5 38. Ra6 Rb8 39. Be3 Rc3 40. Ke2 Rb2+
41. Bd2 Bf4 42. Ra8+ Kg7 43. h5 Rxd2+ 44. Ke1 Rc1# 0-1

[Event "Challenge"]
[Site "http://www.queenalice.com/game.php?id=1602855"]
[Date "2020.3.17"]
[Round "-"]
[White "pgrzelak"]
[Black "DavidKR"]
[Result "0-1"]
[WhiteElo "1952"]
[BlackElo "1900"]

1. d4 d5 2. Nf3 Nc6 3. a3 Nf6 4. e3 Bf5 5. Bd3 Qd7 6. Bd2 Bxd3 7. cxd3 e6 8. O-O
Bd6 9. Nc3 a6 10. e4 dxe4 11. dxe4 e5 12. dxe5 Nxe5 13. Nxe5 Bxe5 14. Qc2 O-O
15. Rad1 Qe6 16. Nd5 Nxd5 17. exd5 Qd6 18. Bb4 Bxh2+ 19. Kh1 Qh6 20. Rd3 Bg3+
21. Kg1 Qh2# 0-1

[Event "Challenge"]
[Site "http://www.queenalice.com/game.php?id=1606221"]
[Date "2020.4.6"]
[Round "-"]
[White "DavidKR"]
[Black "pgrzelak"]
[Result "0-1"]
[WhiteElo "1918"]
[BlackElo "1929"]

1. Nf3 d5 2. d4 Nc6 3. a3 Nf6 4. Nc3 Ne4 5. Nxe4 dxe4 6. Ng5 e5 7. d5 Ne7 8. c4
Ng6 9. Nxe4 Be7 10. e3 Bf5 11. Bd3 Bxe4 12. Bxe4 Rb8 13. Qa4+ b5 14. cxb5 O-O
15. Bxg6 fxg6 16. O-O Qxd5 17. e4 Qxb5 18. Qxb5 Rxb5 19. b4 a5 20. Bd2 axb4 21.
a4 Rb7 22. Rfb1 Rd8 23. Ra2 b3 24. Rab2 Ba3 25. Bg5 Rd4 26. g3 Bxb2 27. Rxb2
Rxe4 28. a5 Ra4 29. Bd2 Ra2 30. Bc3 e4 31. Kf1 c5 32. Ke2 c4 33. Ke3 Rxb2 34.
Bxb2 c3 35. Bxc3 b2 36. Bxb2 Rxb2 37. a6 Ra2 38. h4 Rxa6 39. Kxe4 Rf6 40. f4 Kf7
41. g4 Ke6 42. g5 Rf5 43. Kf3 Kd5 44. Ke3 h6 45. gxh6 gxh6 46. Kf3 h5 47. Kg3
Ke4 48. Kh3 Kf3 49. Kh2 Rxf4 50. Kh3 Kf2 51. Kh2 Rxh4# 0-1

[Event "Challenge"]
[Site "http://www.queenalice.com/game.php?id=1609569"]
[Date "2020.4.27"]
[Round "-"]
[White "pgrzelak"]
[Black "DavidKR"]
[Result "1-0"]
[WhiteElo "1941"]
[BlackElo "1902"]

1. d4 d5 2. Nf3 Nf6 3. Nc3 Nc6 4. g3 Bf5 5. Bg2 Nb4 6. e4 dxe4 7. Ng5 e3 8. O-O
Bxc2 9. Qe2 Bd3 10. Qd1 Bxf1 11. Qa4+ Nc6 12. Bxc6+ bxc6 13. Qxc6+ Nd7 14. Kxf1
exf2 15. Nd5 Rc8 16. Bf4 e6 17. Nxc7+ Rxc7 18. Bxc7 Qxg5 19. Qa8+ Ke7 20. Qd8#
1-0

[Event "Challenge"]
[Site "http://www.queenalice.com/game.php?id=1610749"]
[Date "2020.5.4"]
[Round "-"]
[White "pgrzelak"]
[Black "DavidKR"]
[Result "0-1"]
[WhiteElo "1947"]
[BlackElo "1888"]

1. d4 d5 2. Nf3 Nf6 3. Nc3 Nc6 4. e3 e6 5. a3 Bd6 6. Bd3 O-O 7. e4 dxe4 8. Nxe4
Ng4 9. O-O Nxd4 10. h3 Nxf3+ 11. Kh1 Nfe5 12. hxg4 Qh4+ 13. Kg1 Nf3+ 14. Qxf3
Qh2# 0-1

[Event "Challenge"]
[Site "http://www.queenalice.com/game.php?id=1612733"]
[Date "2020.5.17"]
[Round "-"]
[White "DavidKR"]
[Black "pgrzelak"]
[Result "1-0"]
[WhiteElo "1906"]
[BlackElo "1949"]

1. e4 e5 2. Be2 Nc6 3. Nc3 Nd4 4. Nf3 Nxe2 5. Qxe2 d6 6. d3 h6 7. O-O Nf6 8. d4
Be7 9. dxe5 dxe5 10. Nxe5 O-O 11. Bf4 Bd6 12. Rad1 Qe7 13. Nd5 Nxd5 14. Rxd5 c6
15. Ng6 Qf6 16. Rxd6 Be6 17. Nxf8 Qxf4 18. Rxe6 fxe6 19. Nxe6 Qe5 20. Qc4 Kh7
21. g3 Qxb2 22. Nf4 Qf6 23. Rd1 a5 24. Qd3 b5 25. e5+ Kg8 26. exf6 gxf6 27. Ne6
Kf7 28. Qd7+ Kg6 29. Nf4+ Kg5 30. h4# 1-0

[Event "Challenge"]
[Site "http://www.queenalice.com/game.php?id=1615293"]
[Date "2020.6.6"]
[Round "-"]
[White "pgrzelak"]
[Black "DavidKR"]
[Result "0-1"]
[WhiteElo "1938"]
[BlackElo "1924"]

1. e4 e5 2. Nf3 Nc6 3. Nc3 Nf6 4. d4 exd4 5. Nxd4 Ne5 6. Nf3 Nfg4 7. h3 Nxf2 8.
Kxf2 Qf6 9. Bg5 Bc5+ 10. Be3 Bxe3+ 11. Kxe3 Ng6 12. g3 O-O 13. Nd5 Qxb2 14. Bd3
Qa3 15. Ke2 Qd6 16. Rg1 c6 17. Ne3 b5 18. Nf5 Qe6 19. Kf2 d5 20. Re1 dxe4 21.
Bxe4 Qf6 22. Qd6 Qxd6 23. Nxd6 Bxh3 24. Bxc6 Rad8 25. Nxb5 Bf5 26. Nbd4 Bg4 27.
c3 Rc8 28. Rac1 Rc7 29. Be4 Ne7 30. Ne5 g6 31. Nxg4 Rfc8 32. Nf6+ Kg7 33. Nd5
Nxd5 34. Bxd5 Rd8 35. Bxf7 Kxf7 36. Ne6 Rd2+ 37. Ke3 Rcd7 38. Nd4 Rxa2 39. Rf1+
Kg8 40. Ne6 h5 41. Rcd1 Re7 42. Rf6 Ra6 43. Rd8+ Kh7 44. Rf7+ Rxf7 45. Ng5+ Kg7
46. Nxf7 Kxf7 47. Kf4 Ra5 48. c4 Rf5+ 49. Ke4 Ke6 50. Ra8 a5 51. Ra6+ Kf7 52.
Rc6 Rg5 53. Kf3 Rg4 54. c5 Ke7 55. Ra6 a4 56. Ra7+ Kd8 57. c6 Kc8 58. Kg2 Rc4
59. Kh3 Kb8 60. Ra6 Kc7 61. Kh2 h4 62. gxh4 Rxh4+ 63. Kg3 Rb4 64. Ra5 Kxc6 65.
Ra6+ Kb5 66. Ra8 Rb3+ 67. Kg4 Kb4 68. Rb8+ Kc3 69. Rc8+ Kb2 70. Kg5 a3 71. Kxg6
a2 72. Ra8 Ra3 73. Rb8+ Rb3 74. Ra8 a1=Q 75. Rxa1 Kxa1 76. Kf5 Rc3 77. Ke4 Kb2
78. Kd4 Kb3 79. Kd5 Rc4 80. Ke5 Kc3 81. Kd5 Kd3 82. Ke5 Rd4 83. Ke6 Ke4 84. Kf6
Rd5 85. Ke6 Kd4 86. Kf6 Re5 87. Kf7 Kd5 88. Kf6 Kd6 89. Kf7 Re6 90. Kg7 Ke7 91.
Kg8 Rf6 92. Kg7 Ke6 93. Kg8 Rf7 94. Kh8 Kf6 95. Kg8 Kg6 96. Kh8 Rf8# 0-1

[Event "Challenge"]
[Site "http://www.queenalice.com/game.php?id=1619968"]
[Date "2020.7.11"]
[Round "-"]
[White "DavidKR"]
[Black "pgrzelak"]
[Result "0-1"]
[WhiteElo "1941"]
[BlackElo "1937"]

1. e4 e5 2. Nf3 Nc6 3. Nc3 Nf6 4. a3 d5 5. exd5 Nxd5 6. Ne4 Be6 7. Bb5 Bd7 8.
O-O a6 9. Bxc6 Bxc6 10. Nxe5 Bd6 11. Nxc6 bxc6 12. d3 O-O 13. Qh5 Nf6 14. Qh4
Nxe4 15. Qxe4 Re8 16. Qxc6 Qf6 17. Qd5 Rad8 18. Bg5 Bxh2+ 19. Kxh2 Rxd5 20. Bxf6
gxf6 21. g3 Rde5 22. Kg2 Re2 23. Rac1 Rd2 24. Rfe1 Rxe1 25. Rxe1 Rxc2 26. Rb1
Rd2 27. Kh3 Rxf2 28. b4 Rd2 29. Rb3 Kg7 30. a4 c6 31. Kg4 Ra2 32. a5 Kg6 33. Kf4
Re2 34. d4 Rd2 35. Ke4 Kg5 36. Rc3 f5+ 37. Ke5 f6+ 38. Ke6 Rxd4 39. Rb3 h5 40.
Rf3 Re4+ 41. Kd6 Rxb4 42. Kxc6 Rb5 43. Ra3 f4 44. Kd6 f5 45. Ke6 Kg4 46. gxf4
Kxf4 47. Kf6 Re5 48. Kg6 h4 49. Kh5 Re3 50. Ra2 Kg3 51. Kg5 h3 52. Kxf5 h2 53.
Ra1 Rf3+ 54. Ke4 Kg2 55. Ra2+ Rf2 56. Ra1 h1=Q 57. Rxh1 Kxh1 58. Kd5 Rc2 59. Kd4
Kg2 60. Kd5 Kf3 61. Kd4 Rd2+ 0-1